| 000 | 00480nam a22001817a 4500 | ||
|---|---|---|---|
| 003 | NUST-PNEC | ||
| 005 | 20170114142544.0 | ||
| 008 | 140711b xxu||||| |||| 00| 0 eng d | ||
| 040 | _cPNEC | ||
| 082 | _a658.404 BHA | ||
| 100 |
_9147 _aBhatti, S.A. |
||
| 245 |
_aOperation research _bAn introduction _cDr. S.A. Bhatti |
||
| 250 | _a3rd ed. | ||
| 260 |
_aLahore _bShaharyar Publishers Lahore _cc.2011 |
||
| 300 |
_axiv, 552p. : _bill. : _c23 cm. |
||
| 650 | _xMIS | ||
| 942 |
_2ddc _cBK |
||
| 999 |
_c60176 _d60176 |
||